书目信息 |
| 题名: |
宝马汽车结构·原理与维修
|
|
| 作者: | 瑞佩尔 主编 | |
| 分册: | 2021版 | |
| 出版信息: | 北京 化学工业出版社 2021.1 |
|
| 页数: | 389页 | |
| 开本: | 26cm | |
| 丛书名: | ||
| 单 册: | ||
| 中图分类: | U469.11 | |
| 科图分类: | ||
| 主题词: | 轿车--车体结构 , 轿车--车辆修理 | |
| 电子资源: | ||
| ISBN: | 978-7-122-37824-8 | |
| 000 | 00920nam0 2200241 45 | |
| 001 | 012001001794 | |
| 005 | 20211013152210.33 | |
| 010 | @a978-7-122-37824-8@dCNY128.00 | |
| 100 | @a20210220d2021 em y0chiy50 ea | |
| 101 | 0 | @achi |
| 102 | @aCN@b110000 | |
| 105 | @aa z 000yy | |
| 106 | @ar | |
| 200 | 1 | @a宝马汽车结构·原理与维修@Abao ma qi che jie gou·yuan li yu wei xiu@h2021版@b专著@f瑞佩尔主编 |
| 210 | @a北京@c化学工业出版社@d2021.1 | |
| 215 | @a389页@c图,照片@d26cm | |
| 330 | @a本书讲解了宝马发动机机械及电控系统,底盘传动、行驶、制动以及转向控制系统,车身电气及电控系统,安全舒适系统与多媒体通信、车载网络及新能源车型高压系统的组成、功能和原理。文中示例车型很多都是F系列、G系列,发动机内容更新到B系列。 | |
| 606 | 0 | @a轿车@x车体结构 |
| 606 | 0 | @a轿车@x车辆修理 |
| 690 | @aU469.11@v5 | |
| 701 | 0 | @a瑞佩尔@Arui pei er@4主编 |
| 801 | 0 | @aCN@bBJSDL@c20211011 |
| 905 | @b1337240-3@dU469.11@e1067(2021)@f4 | |
| 宝马汽车结构·原理与维修.2021版/瑞佩尔主编.-北京:化学工业出版社,2021.1 |
| 389页:图,照片;26cm |
| ISBN 978-7-122-37824-8:CNY128.00 |
| 本书讲解了宝马发动机机械及电控系统,底盘传动、行驶、制动以及转向控制系统,车身电气及电控系统,安全舒适系统与多媒体通信、车载网络及新能源车型高压系统的组成、功能和原理。文中示例车型很多都是F系列、G系列,发动机内容更新到B系列。 |
| ● |
| 相关链接 |
|
|
|
|
正题名:宝马汽车结构·原理与维修
索取号:U469.11/1067(2021)
 
预约/预借
| 序号 | 登录号 | 条形码 | 馆藏地/架位号 | 状态 | 备注 |
| 1 | 1337240 | 213372401 | 第二样本阅览室/ [索取号:U469.11/1067(2021)] | 在馆 | |
| 2 | 1337241 | 213372410 | 第三借阅区/ [索取号:U469.11/1067(2021)] | 在馆 | |
| 3 | 1337242 | 213372429 | 第三借阅区/ [索取号:U469.11/1067(2021)] | 在馆 | |
| 4 | 1337243 | 213372438 | 第三借阅区/ [索取号:U469.11/1067(2021)] | 在馆 |